Damp and mould: (Record no. 122174)

MARC details
000 -LEADER
fixed length control field 01001nam a22002657a 4500
008 - FIXED-LENGTH DATA ELEMENTS--GENERAL INFORMATION
fixed length control field 250428e20250624xxk|||||o|||| 00| 0 eng d
041 ## - LANGUAGE CODE
Language code of text/sound track or separate title eng
110 ## - MAIN ENTRY--CORPORATE NAME
Corporate author Royal Institution of Chartered Surveyors
245 ## - TITLE STATEMENT
Title Damp and mould:
Subtitle a consumer guide
Medium [Electronic resource]
260 ## - PUBLICATION INFORMATION
Place of publication London,
Publisher Royal Institution of Chartered Surveyors,
Date June 2025
490 ## - SERIES TITLE
Series statement RICS Consumer Guide
520 ## - ABSTRACT
Abstract This consumer guide helps owners and occupiers of residential property to manage and maintain their homes. Note this is only available as a web page and not as a pdf.
650 ## - KEYWORDS
Keywords DAMP
650 ## - KEYWORDS
Keywords MOULD
650 ## - KEYWORDS
Keywords MOISTURE
650 ## - KEYWORDS
Keywords LANDLORD AND TENANT
650 ## - KEYWORDS
Keywords AWAAB'S LAW
650 ## - KEYWORDS
Keywords RESIDENTIAL PROPERTY
650 ## - KEYWORDS
Keywords RESPONSIBLE PERSONS
651 ## - SUBJECT ADDED ENTRY--GEOGRAPHIC NAME
Geographic name United Kingdom
690 ## - BROAD SUBJECT
Broad subject Health and safety
9 (RLIN) 6244
710 ## - ADDED CORPORATE NAME
Added corporate author Royal Institution of Chartered Surveyors
856 ## - ONLINE RESOURCE
Uniform Resource Identifier <a href="https://www.rics.org/consumer-guides/damp-and-mould">https://www.rics.org/consumer-guides/damp-and-mould</a>
Public note Available on RICS.org
942 ## - ADDED ENTRY ELEMENTS (KOHA)
Suppress in OPAC Do not suppress in OPAC
Holdings
Lost status Damaged status Not for loan Current library Shelving location Date acquired Total Checkouts Date last seen Price effective from Koha item type
      Virtual Online 24/06/2025   24/06/2025 24/06/2025 Online material